|
|
|
|
| LEADER |
00000nab a2200000 a 4500 |
| 001 |
vtls000727049 |
| 003 |
SK-MaSNL |
| 005 |
20260304114736.0 |
| 008 |
250429c2000 xo 0 slo |
| 015 |
|
|
|a SNBRB2000/07-18131
|
| 035 |
|
|
|a CLN000079202
|
| 035 |
|
|
|a (urnnbn)urn:nbn:sk:snk:ar-006nxc
|
| 035 |
|
|
|a (uuid)e438375c-c061-4e41-a6f0-599fe3a5b247
|
| 035 |
|
|
|a urn:nbn:sk:snk-ab86t5
|
| 040 |
|
|
|a SNKBUCL
|b slo
|c SNKBUCL
|e AACR2
|
| 041 |
0 |
|
|a slo
|
| 044 |
|
|
|a xo
|c SK
|
| 080 |
|
|
|a 636.086.35
|2 1997
|
| 245 |
0 |
0 |
|a Strukoviny, ich kvalita a možnosti využitia vo výžive zvierat
|c Mária Chrenková ... [et al.]
|
| 300 |
|
|
|b Tab.
|
| 650 |
0 |
7 |
|a zvieratá hospodárske
|x výživa
|x strukoviny
|2 snkbucl
|9 1420122
|
| 650 |
0 |
7 |
|a strukoviny
|2 snkbucl
|9 3975
|
| 655 |
|
7 |
|a články z novín a časopisov
|2 snkbucl
|9 267496
|
| 700 |
1 |
|
|a Chrenková, Mária
|4 aut
|9 9682
|
| 700 |
1 |
|
|a Čerešňáková, Zuzana
|4 aut
|9 6251
|
| 700 |
1 |
|
|a Sommer, Alexander,
|d 1936-2006
|4 aut
|9 218774
|
| 700 |
1 |
|
|a Slaměna, Zdeněk
|4 aut
|9 634605
|
| 773 |
0 |
|
|t Slovenský chov
|g Roč. 5, č. 4 (2000), s. 42-43
|x 1335-1990
|
| 850 |
|
|
|a Slovenská národná knižnica
|
| 852 |
|
|
|a Slovenská národná knižnica
|
| 954 |
|
|
|a odborná, vedecká literatúra pôvodná (slovenská)
|2 lita
|
| 958 |
|
|
|a article9
|
| 958 |
|
|
|a OND
|
| 958 |
|
|
|a EUIPO
|
| 999 |
|
|
|c 2873771
|d 2875701
|